Marta Abreu, modernidad, beneficiencia y patrimonio /
Trata sobre Marta Abreu, nacida en Villa Clara (Cuba) y su vida y la vocación de servicio, dedicada a realizar obras de caridad.
Shranjeno v:
| Glavni avtor: | |
|---|---|
| Format: | Knjiga |
| Jezik: | Spanish |
| Izdano: |
La Habana, Cuba:
Instituto Cubano del Libro,
1974-
|
| Teme: | |
| Oznake: |
Označite
Brez oznak, prvi označite!
|
MARC
| LEADER | 00000nam a22000007a 4500 | ||
|---|---|---|---|
| 008 | 140930s2009 cu ||||| |||| 00| b|spa d | ||
| 022 | |a 0047-1542 | ||
| 040 | |a CIICLA | ||
| 082 | |a Isla: revista | ||
| 100 | 1 | |a Alfonso López, Félix Julio | |
| 245 | 1 | 0 | |a Marta Abreu, modernidad, beneficiencia y patrimonio / |c Félix Julio Alfonso López |
| 260 | |a La Habana, Cuba: |b Instituto Cubano del Libro, |c 1974- | ||
| 300 | |a páginas 98-110 | ||
| 520 | |a Trata sobre Marta Abreu, nacida en Villa Clara (Cuba) y su vida y la vocación de servicio, dedicada a realizar obras de caridad. | ||
| 600 | 1 | 4 | |a ABREU Y ARENCIBIA, MARTA DE LOS ANGELES, |9 41 |d 1845-1909 |
| 773 | 0 | |g Número 52 (163): 98-110 ; enero - abril, 2010 |q 98-110 |t Islas : revista de la Universidad Central de Las Villas, Santa Clara, Cuba. | |
| 942 | |2 ddc |c ARC | ||
| 999 | |c 3544 |d 3544 | ||
